[Event "Sparkassen-Open J"]
[Site "Heusenstamm, Martinsee"]
[Date "2022.11.19"]
[Round "4.2"]
[White "Rudolph, Alexander"]
[Black "Will, Elina"]
[Result "0-1"]
[WhiteElo "1434"]
[BlackElo "1381"]
[PlyCount "108"]
[EventDate "2022.??.??"]
[WhiteTeam "SK Tarrasch München"]
[BlackTeam "TuS Makkabi Wiesbaden"]

1. e4 d5 2. exd5 Nf6 3. Nf3 Nxd5 4. d4 Bf5 5. Bd3 Bxd3 6. Qxd3 Nc6 7. a3 Nf4 8.
Bxf4 e6 9. Qb5 Qc8 10. Ne5 Rb8 11. Nxc6 bxc6 12. Qxc6+ Qd7 13. Qxd7+ Kxd7 14.
b3 Be7 15. Bxc7 Kxc7 16. Nd2 Bf6 17. c3 Rhc8 18. O-O Kd7 19. Rfc1 Bg5 20. Rd1
Bxd2 21. Rxd2 Rxb3 22. d5 exd5 23. Rxd5+ Ke6 24. Ra5 Rbxc3 25. g3 R8c7 26. f4
f5 27. Re1+ Kf6 28. Ree5 g6 29. Ra6+ Kf7 30. Rea5 Rc1+ 31. Kg2 R7c2+ 32. Kf3
Rc3+ 33. Ke2 R1c2+ 34. Kf1 Rxh2 35. Rxa7+ Kg8 36. Ra8+ Kg7 37. R5a7+ Kh6 38.
Re7 Rc1+ 39. Re1 Rh1+ 40. Kf2 Rhxe1 41. a4 Ra1 42. a5 Reb1 43. a6 Rb2+ 44. Ke3
Rba2 45. g4 fxg4 46. f5 Rxa6 47. Rxa6 Rxa6 48. fxg6 Rxg6 49. Kf2 g3+ 50. Kg2
Kh5 51. Kh1 g2+ 52. Kg1 Kh4 53. Kf2 g1=Q+ 54. Kf3 Qe1 0-1

[Event "Sparkassen-Open J"]
[Site "Heusenstamm, Martinsee"]
[Date "2022.11.19"]
[Round "4.3"]
[White "Glavev, Danail"]
[Black "Sreeramulu, Aarush"]
[Result "1/2-1/2"]
[WhiteElo "1289"]
[BlackElo "1526"]
[PlyCount "161"]
[EventDate "2022.??.??"]
[WhiteTeam "SK Bad Homburg 1927"]
[BlackTeam "SK Marburg 1931/72"]

1. e4 c6 2. d4 d5 3. exd5 cxd5 4. Bf4 Bf5 5. c4 Nf6 6. Nc3 e6 7. a3 Nc6 8. Nf3
Bd6 9. Bg3 Bxg3 10. hxg3 Ne4 11. Bd3 Nxc3 12. bxc3 Bxd3 13. Qxd3 h6 14. cxd5
Qxd5 15. O-O O-O 16. Rab1 b6 17. Rb5 Qd6 18. Rh5 Ne7 19. a4 Ng6 20. Kh2 Rfe8
21. a5 Rac8 22. axb6 axb6 23. Rb1 Rc6 24. Rhb5 Rec8 25. R5b3 Qd5 26. Rxb6 Rxc3
27. Qb5 Qe4 28. Rb8 Qc2 29. Rxc8+ Rxc8 30. Rb2 Qc3 31. Rb3 Qc7 32. Rb1 Ne7 33.
Rd1 Nd5 34. Qd3 Qa5 35. Qd2 Qa4 36. Rc1 Rd8 37. Rd1 Nf6 38. Re1 Qc6 39. Qd3 Qd5
40. Kh1 Ng4 41. Kg1 h5 42. Qe4 Qa2 43. Qe2 Qa5 44. Rd1 g6 45. Qd2 Qa4 46. Re1
Rd5 47. Rc1 Qd7 48. Qf4 Kg7 49. Re1 Rb5 50. Ne5 Nxe5 51. dxe5 Qe7 52. g4 Rb4
53. Qh2 Rxg4 54. Qh3 Qb4 55. Qe3 Rc4 56. Rd1 Re4 57. Qf3 Rxe5 58. Rd7 Rf5 59.
Qd1 Qb2 60. Qe1 Rf4 61. Rc7 Rh4 62. g3 Ra4 63. Qxe6 Qc1+ 64. Rxc1 fxe6 65. Kg2
Kf6 66. Rc8 Ra2 67. Rf8+ Kg5 68. Re8 Re2 69. Kf3 Re1 70. Rg8 e5 71. Kg2 e4 72.
Ra8 Kf5 73. Ra5+ Kg4 74. Ra4 Re2 75. Rb4 g5 76. Ra4 h4 77. Rxe4+ Rxe4 78. f3+
Kf5 79. fxe4+ Kxe4 80. gxh4 g4 81. Kg3 1/2-1/2

[Event "Sparkassen-Open J"]
[Site "Heusenstamm, Martinsee"]
[Date "2022.11.19"]
[Round "4.4"]
[White "Himmelspacht, Maxim"]
[Black "Shymanskyi, Illia"]
[Result "1-0"]
[WhiteElo "1538"]
[BlackElo "1259"]
[PlyCount "153"]
[EventDate "2022.??.??"]
[WhiteTeam "SK 1858 Gießen"]
[BlackTeam "SC Steinbach"]

1. e4 d5 2. exd5 c6 3. dxc6 Nxc6 4. Nf3 e5 5. d3 h6 6. Nc3 Bg4 7. Be2 Nf6 8. h3
Bh5 9. Nxe5 Bxe2 10. Qxe2 Nxe5 11. Qxe5+ Be7 12. Qb5+ Qd7 13. Qxd7+ Nxd7 14.
Nd5 Nf6 15. Nxe7 Kxe7 16. Be3 Rhe8 17. O-O Kf8 18. Rfe1 Kg8 19. Kf1 b6 20. Bd4
Nd5 21. a3 Rxe1+ 22. Rxe1 Rc8 23. Rc1 Nf4 24. Be3 Nd5 25. c3 Re8 26. Re1 Kf8
27. Bd2 Rd8 28. d4 a5 29. g3 b5 30. Kg2 f6 31. Kf3 Rb8 32. Re2 Kf7 33. c4 bxc4
34. Bxa5 Rb3+ 35. Kg2 Rd3 36. Rd2 Rb3 37. Rc2 c3 38. Bxc3 Nxc3 39. bxc3 Rxa3
40. d5 Ke7 41. c4 Rd3 42. Kf1 g5 43. Ke2 Rb3 44. c5 Kd7 45. c6+ Kc7 46. Rd2 Rb8
47. Rd3 Rd8 48. Kf3 f5 49. h4 Kd6 50. hxg5 hxg5 51. g4 Rf8 52. Rd2 f4 53. Ke4
Rf7 54. f3 Rf8 55. Kd4 Re8 56. Rc2 Kc7 57. Rc3 Re7 58. d6+ Kxd6 59. c7 Rxc7 60.
Rxc7 Kxc7 61. Ke5 Kc6 62. Kf5 Kd6 63. Kxg5 Ke5 64. Kh5 Kf6 65. Kh6 Ke5 66. Kg5
Ke6 67. Kxf4 Kf6 68. g5+ Kg6 69. Kg4 Kg7 70. f4 Kg6 71. f5+ Kg7 72. g6 Kg8 73.
Kg5 Kg7 74. f6+ Kg8 75. g7 Kf7 76. Kh6 Kg8 77. f7+ 1-0

[Event "Sparkassen-Open J"]
[Site "Heusenstamm, Martinsee"]
[Date "2022.11.19"]
[Round "4.5"]
[White "Jung, Lukas"]
[Black "Rafikova, Ailin"]
[Result "1-0"]
[WhiteElo "1237"]
[BlackElo "1238"]
[PlyCount "105"]
[EventDate "2022.??.??"]
[WhiteTeam "SK Marburg 1931/72"]
[BlackTeam "SK Sandhausen"]

1. e4 c5 2. Nf3 d6 3. Bc4 Nf6 4. Nc3 Nc6 5. d3 e6 6. Bg5 Be7 7. d4 cxd4 8. Nxd4
O-O 9. Nxc6 bxc6 10. Bd3 d5 11. O-O Nxe4 12. Bxe7 Nxc3 13. Qh5 g6 14. Qh4 Qe8
15. Bxf8 Qxf8 16. bxc3 Bd7 17. Rab1 Qa3 18. Rb7 Be8 19. Rfb1 Qd6 20. Qf6 a6 21.
Re7 Rb8 22. Rbb7 Rxb7 23. Rxe8+ Qf8 24. Rxf8+ Kxf8 25. Qh8+ Ke7 26. Qxh7 a5 27.
h3 Kf6 28. Qh8+ Ke7 29. Qg7 Rb1+ 30. Kh2 Ke8 31. c4 a4 32. cxd5 exd5 33. c4 Rd1
34. Qe5+ Kf8 35. Bc2 Rd2 36. Bxa4 Rxa2 37. Bxc6 dxc4 38. Qc5+ Kg8 39. Be8 c3
40. Qxc3 Rxf2 41. Kg1 Rf4 42. Qc8 Kg7 43. Bd7 Rf6 44. Qc3 g5 45. Qg3 Kh6 46. h4
Rg6 47. h5 Rg7 48. Bg4 f6 49. Qd6 Rf7 50. Qd8 Kg7 51. h6+ Kg6 52. Qg8+ Rg7 53.
Qxg7# 1-0

[Event "Sparkassen-Open J"]
[Site "Heusenstamm, Martinsee"]
[Date "2022.11.19"]
[Round "4.6"]
[White "Draude, Theo"]
[Black "Shanmuganathan, Adhav"]
[Result "1-0"]
[WhiteElo "1208"]
[BlackElo "1094"]
[PlyCount "35"]
[EventDate "2022.??.??"]
[WhiteTeam "SF Korbach"]
[BlackTeam "SV 1934 Ffm-Griesheim"]

1. e4 e5 2. Nf3 Nc6 3. d4 exd4 4. c3 Bc5 5. Bc4 Nf6 6. O-O O-O 7. cxd4 Bb6 8.
d5 Ne7 9. e5 Ne4 10. Qc2 Nc5 11. b4 Na6 12. Bd2 d6 13. e6 fxe6 14. dxe6 c5 15.
Ng5 g6 16. Nf7 Rxf7 17. exf7+ Kf8 18. Bh6# 1-0

[Event "Sparkassen-Open J"]
[Site "Heusenstamm, Martinsee"]
[Date "2022.11.19"]
[Round "4.7"]
[White "Stehning, Toni"]
[Black "Li, Xiao Teng"]
[Result "0-1"]
[WhiteElo "1505"]
[BlackElo "1173"]
[PlyCount "90"]
[EventDate "2022.??.??"]
[WhiteTeam "SF Braunfels"]
[BlackTeam "SK Bad Homburg 1927"]

1. e4 e5 2. Bc4 Nc6 3. Nf3 d6 4. d3 Bg4 5. h3 Bh5 6. Nc3 Be7 7. Be3 Nf6 8. Qe2
O-O 9. O-O-O Nd4 10. Bxd4 exd4 11. Nd5 c5 12. Nxe7+ Qxe7 13. g4 Bg6 14. h4 h6
15. g5 Ng4 16. Rhg1 h5 17. Nd2 Rad8 18. f3 Ne5 19. f4 Ng4 20. f5 d5 21. fxg6
dxc4 22. Nxc4 fxg6 23. Rdf1 b6 24. a4 Rde8 25. Rxf8+ Rxf8 26. Rf1 Rf7 27. Rf3
Qf8 28. Rxf7 Qxf7 29. Kd2 Qf4+ 30. Kd1 Kf7 31. Nd2 Ne3+ 32. Kc1 Qxh4 33. Nf3
Qh1+ 34. Qe1 Qxf3 35. c3 Qf1 36. Qxf1+ Nxf1 37. c4 h4 38. b4 h3 39. bxc5 bxc5
40. a5 h2 41. a6 h1=Q 42. Kb2 Ne3 43. Ka3 Qa1+ 44. Kb3 Qc3+ 45. Ka2 Nd1 0-1

[Event "Sparkassen-Open J"]
[Site "Heusenstamm, Martinsee"]
[Date "2022.11.19"]
[Round "4.8"]
[White "Meitzner, Johan Eduard"]
[Black "Riazi, Dominik"]
[Result "0-1"]
[WhiteElo "1191"]
[BlackElo "1034"]
[PlyCount "84"]
[EventDate "2022.??.??"]
[WhiteTeam "1. Eichsfelder Sportclub"]
[BlackTeam "SV Frankfurt Nord 1926"]

1. e4 e5 2. Nf3 Nc6 3. Bc4 Nf6 4. d3 Bc5 5. Bg5 h6 6. Bh4 g5 7. Bg3 d6 8. Nbd2
Bg4 9. h3 Bh5 10. c3 O-O 11. Bh2 a6 12. g4 Bg6 13. Rg1 b5 14. Bb3 d5 15. exd5
Nxd5 16. Ne4 Bxe4 17. dxe4 Nf4 18. Bxf4 exf4 19. Qxd8 Raxd8 20. Bd5 Ne7 21.
O-O-O Bxf2 22. Rg2 Be3+ 23. Kb1 c6 24. Bb3 Rxd1+ 25. Bxd1 Rd8 26. Bc2 c5 27.
Re2 Nc6 28. h4 gxh4 29. Nxh4 Rd2 30. Rxd2 Bxd2 31. Bd1 Ne5 32. Kc2 Be3 33. Nf5
Kh7 34. Nd6 Kg6 35. b3 Kg5 36. a3 Kh4 37. Nf5+ Kg5 38. Nd6 f3 39. Nf5 Bg1 40.
Kd2 f2 41. Ne3 c4 42. bxc4 Nxc4+ 0-1

[Event "Sparkassen-Open J"]
[Site "Heusenstamm, Martinsee"]
[Date "2022.11.19"]
[Round "4.9"]
[White "Stehning, Michel"]
[Black "Papadopoulos, Kyriakos"]
[Result "1-0"]
[WhiteElo "1136"]
[BlackElo "1331"]
[PlyCount "59"]
[EventDate "2022.??.??"]
[WhiteTeam "SF Braunfels"]
[BlackTeam "VSG 1880 Offenbach"]

1. d4 d5 2. Bf4 Bf5 3. Nf3 Nf6 4. e3 c5 5. c3 Nc6 6. Bd3 Bg4 7. h3 Bh5 8. Nbd2
e6 9. O-O Be7 10. Qe2 O-O 11. e4 Nd7 12. Rac1 cxd4 13. cxd4 Nxd4 14. Qe3 Nxf3+
15. Nxf3 e5 16. Nxe5 Nxe5 17. Bxe5 dxe4 18. Bxe4 Re8 19. Bxb7 Bg5 20. Qg3 g6
21. Bxa8 Bxc1 22. Rxc1 Qxa8 23. Qg5 Qd5 24. Re1 Qa5 25. Re3 Re6 26. g4 h6 27.
Qf4 g5 28. Qe4 f6 29. gxh5 Rxe5 30. Qg6+ 1-0

[Event "Sparkassen-Open J"]
[Site "Heusenstamm, Martinsee"]
[Date "2022.11.19"]
[Round "4.10"]
[White "Milman, Sophie"]
[Black "Jung, Felix"]
[Result "1-0"]
[WhiteElo "1184"]
[BlackElo "1315"]
[PlyCount "81"]
[EventDate "2022.??.??"]
[WhiteTeam "VSG 1880 Offenbach"]
[BlackTeam "SK Marburg 1931/72"]

1. e4 e5 2. Nf3 Nc6 3. d4 exd4 4. Nxd4 Bc5 5. Be3 Nxd4 6. Bxd4 Bxd4 7. Qxd4 Qf6
8. Qxf6 Nxf6 9. Nc3 O-O 10. Bc4 Re8 11. f3 d6 12. O-O c6 13. Rad1 b5 14. Bb3
Rd8 15. e5 Ne8 16. exd6 Rxd6 17. Rxd6 Nxd6 18. Rd1 Nb7 19. Re1 Bf5 20. Re7 Nd6
21. Rc7 Rc8 22. Rxa7 c5 23. Bd5 Bxc2 24. Ne4 Bxe4 25. fxe4 Re8 26. Rd7 Nxe4 27.
Bxf7+ Kf8 28. Bxe8 Nf6 29. Rf7+ Kg8 30. Rc7 Nxe8 31. Rxc5 Nd6 32. Rd5 Nc4 33.
Rxb5 g6 34. a4 Nd6 35. Rb3 Nc4 36. Rc3 Nxb2 37. a5 Na4 38. a6 Nb6 39. Rc6 h5
40. Rxb6 g5 41. Rb7 1-0

[Event "Sparkassen-Open J"]
[Site "Heusenstamm, Martinsee"]
[Date "2022.11.19"]
[Round "4.11"]
[White "Kim, David"]
[Black "Wilczek, Jan-Philipp"]
[Result "0-1"]
[WhiteElo "1312"]
[BlackElo "1157"]
[PlyCount "78"]
[EventDate "2022.??.??"]
[WhiteTeam "SV 1920 Hofheim"]
[BlackTeam "SC Bad Soden"]

1. e4 e5 2. Nf3 Nc6 3. Bc4 Bc5 4. d3 Nf6 5. Bg5 h6 6. Bh4 g5 7. Bg3 d6 8. h3
Be6 9. Bb3 Qe7 10. Nc3 O-O-O 11. Qe2 g4 12. hxg4 Bxg4 13. Bh4 Nd4 14. Qd1 c6
15. Bc4 a5 16. a3 Rdg8 17. Ba2 Kb8 18. Bc4 Rg6 19. Na2 b5 20. c3 Ne6 21. Bb3
Qb7 22. c4 Nf4 23. g3 Ng2+ 24. Kf1 Nxh4 25. Rxh4 h5 26. Kg2 Nh7 27. Qe1 Bxf3+
28. Kxf3 Rf6+ 29. Kg2 Rxf2+ 30. Kh1 Ng5 31. Bd1 Nf3 32. Bxf3 Rxf3 33. Nc1 Rg8
34. Rh3 Qd7 35. Rxh5 Rfxg3 36. Qd2 Rh3+ 37. Rxh3 Qxh3+ 38. Qh2 Qf3+ 39. Qg2
Qxg2# 0-1

[Event "Sparkassen-Open J"]
[Site "Heusenstamm, Martinsee"]
[Date "2022.11.19"]
[Round "4.12"]
[White "Meitzner, Jonathan Franz"]
[Black "Weyerer, Elea"]
[Result "1-0"]
[WhiteElo "1302"]
[BlackElo "1018"]
[PlyCount "59"]
[EventDate "2022.??.??"]
[WhiteTeam "1. Eichsfelder Sportclub"]
[BlackTeam "SV Oberursel"]

1. e4 e6 2. d4 d5 3. exd5 exd5 4. c4 c6 5. Nc3 Nf6 6. Bd3 Nbd7 7. Nf3 Bd6 8.
cxd5 cxd5 9. O-O Nb6 10. Re1+ Be6 11. Ng5 Qe7 12. Nxe6 fxe6 13. Bf5 e5 14. dxe5
Bxe5 15. Bf4 Nfd7 16. Bxe5 O-O 17. Bg3 Qf7 18. Be6 Qxe6 19. Rxe6 Nf6 20. Bh4
Rae8 21. Rxe8 Rxe8 22. Bxf6 gxf6 23. Nxd5 Nxd5 24. Qxd5+ Kh8 25. Qf7 Rg8 26.
Qxf6+ Rg7 27. Re1 h5 28. Qh6+ Kg8 29. Re8+ Kf7 30. Qe6# 1-0

[Event "Sparkassen-Open J"]
[Site "Heusenstamm, Martinsee"]
[Date "2022.11.19"]
[Round "4.13"]
[White "Englert, Ann"]
[Black "Ninnemann, Patrick"]
[Result "1-0"]
[WhiteElo "1246"]
[BlackElo "875"]
[PlyCount "79"]
[EventDate "2022.??.??"]
[WhiteTeam "TV-Großostheim"]
[BlackTeam "SC Bad Soden"]

1. d4 d5 2. c4 e6 3. Nc3 Nf6 4. cxd5 exd5 5. Bf4 Nc6 6. e3 a6 7. Bd3 Bb4 8. Nf3
Bg4 9. h3 Bh5 10. O-O Bxc3 11. bxc3 Ne4 12. Qc2 Bg6 13. Ne5 Nxe5 14. Bxe5 O-O
15. c4 c6 16. Rab1 Ra7 17. Rb2 c5 18. cxd5 Qxd5 19. Bxe4 Bxe4 20. Qxc5 Qxc5 21.
dxc5 Re8 22. Bd6 Re6 23. f3 Bd3 24. Re1 Bb5 25. e4 h6 26. Reb1 Ra8 27. Rb4 b6
28. Rc1 bxc5 29. Bxc5 Rb8 30. Be3 a5 31. Rb2 Re5 32. Bf4 Ree8 33. Bxb8 Rxb8 34.
Rc5 g6 35. Rcxb5 Rxb5 36. Rxb5 Kg7 37. Rxa5 g5 38. Rb5 Kg6 39. a4 f6 40. a5 1-0

[Event "Sparkassen-Open J"]
[Site "Heusenstamm, Martinsee"]
[Date "2022.11.19"]
[Round "4.14"]
[White "Avhopulo, Kirill"]
[Black "Kukhtichev, Maksim"]
[Result "1-0"]
[WhiteElo "1143"]
[BlackElo "1242"]
[PlyCount "72"]
[EventDate "2022.??.??"]
[WhiteTeam "SK Marburg 1931/72"]
[BlackTeam "SK Bad Homburg 1927"]

1. d4 d5 2. c4 dxc4 3. Nc3 e6 4. e3 Nc6 5. Nf3 Nf6 6. Bxc4 Bb4 7. O-O O-O 8.
Bd2 Na5 9. Bb3 Bd7 10. Ne4 Bxd2 11. Nxf6+ Qxf6 12. Qxd2 Nxb3 13. axb3 Bc6 14.
Ne5 Bd5 15. f3 Qe7 16. Qc3 f6 17. Nd3 Qd6 18. e4 Bc6 19. Qc5 Rfd8 20. Qxd6 Rxd6
21. Nc5 b6 22. Na6 Rd7 23. Rfc1 Bb7 24. Nxc7 Rc8 25. Nxe6 Rxc1+ 26. Rxc1 Kf7
27. d5 f5 28. Kf2 fxe4 29. fxe4 Kf6 30. Rc7 Rxc7 31. Nxc7 a6 32. Ke3 Ke7 33.
Kd4 Kd7 34. Ne6 g6 35. Nf8+ Ke7 36. Nxh7 Bc8 1-0

[Event "Sparkassen-Open J"]
[Site "Heusenstamm, Martinsee"]
[Date "2022.11.19"]
[Round "4.16"]
[White "Kollmer, Otto"]
[Black "Giegerich, Lenn Valentin"]
[Result "1/2-1/2"]
[WhiteElo "880"]
[BlackElo "1213"]
[PlyCount "64"]
[EventDate "2022.??.??"]
[WhiteTeam "VSG 1880 Offenbach"]
[BlackTeam "SC Aschaffenburg"]

1. e4 e5 2. Nf3 Nf6 3. Nxe5 d6 4. Nf3 Nxe4 5. d4 Qe7 6. Be3 Bg4 7. Bd3 Ng5 8.
Be2 Ne6 9. O-O Nd7 10. h3 Bh5 11. Nc3 O-O-O 12. a4 f5 13. d5 Nec5 14. b4 Ne4
15. Qd4 c5 16. Qc4 Nb6 17. Qb3 g6 18. Nxe4 fxe4 19. Bg5 Qf7 20. Bxd8 exf3 21.
Bxf3 Bxf3 22. Qxf3 Qxf3 23. gxf3 Kxd8 24. bxc5 Nxd5 25. Rad1 Nc3 26. Rd3 Ne2+
27. Kh2 Nf4 28. Rd4 Ne6 29. Rd5 Nxc5 30. a5 Kd7 31. Rfd1 Kc6 32. c4 Na4 1/2-1/2

[Event "Sparkassen-Open J"]
[Site "Heusenstamm, Martinsee"]
[Date "2022.11.19"]
[Round "4.19"]
[White "González Peisker, Mateo"]
[Black "Paschedag, Vivien"]
[Result "1-0"]
[WhiteElo "1455"]
[BlackElo "919"]
[PlyCount "39"]
[EventDate "2022.??.??"]
[WhiteTeam "SV Multatuli Ingelheim"]
[BlackTeam "SC Heusenstamm"]

1. c4 e5 2. g3 Bc5 3. Bg2 Nc6 4. Nc3 d6 5. e3 Nf6 6. Nge2 Be6 7. d4 Bb4 8. d5
Bxc3+ 9. Nxc3 Bg4 10. Qa4 b5 11. Qxb5 Rb8 12. Qxc6+ Nd7 13. O-O O-O 14. Qa4 Rb7
15. a3 Nc5 16. Qc2 Qg5 17. e4 Qf6 18. b4 Nd7 19. Na2 c5 20. dxc6 1-0

[Event "Sparkassen-Open J"]
[Site "Heusenstamm, Martinsee"]
[Date "2022.11.19"]
[Round "4.20"]
[White "Hochmuth, Lukas Emanuel"]
[Black "Paul, Jenna"]
[Result "1-0"]
[WhiteElo "1324"]
[BlackElo "868"]
[PlyCount "53"]
[EventDate "2022.??.??"]
[WhiteTeam "SC Bad Nauheim"]
[BlackTeam "TV-Großostheim"]

1. e4 e5 2. Nf3 Nc6 3. Bc4 Bc5 4. c3 Nf6 5. d3 h6 6. Nbd2 O-O 7. O-O d5 8. exd5
Nxd5 9. Qb3 Be6 10. Qxb7 Na5 11. Qb5 Nxc4 12. dxc4 Qd6 13. cxd5 Bxd5 14. Qe2
Rfe8 15. Ne4 Bxe4 16. Qxe4 Rad8 17. Be3 Bxe3 18. Qxe3 e4 19. Nd4 Qe5 20. Nc6
Rd3 21. Nxe5 Rxe3 22. fxe3 Rxe5 23. Rad1 Kf8 24. Rd7 f6 25. Rxc7 Ra5 26. Rd1
Rxa2 27. Rd8# 1-0

[Event "Sparkassen-Open J"]
[Site "Heusenstamm, Martinsee"]
[Date "2022.11.19"]
[Round "4.21"]
[White "Löffelholz, Simon"]
[Black "Rafikov, Artur"]
[Result "1-0"]
[WhiteElo "1264"]
[BlackElo "785"]
[PlyCount "63"]
[EventDate "2022.??.??"]
[WhiteTeam "1. Eichsfelder Sportclub"]
[BlackTeam "SK Sandhausen"]

1. d4 d5 2. Bf4 Nc6 3. Nc3 Bf5 4. f3 Nf6 5. Qd2 e6 6. h4 h6 7. g4 Nxg4 8. fxg4
Bxg4 9. O-O-O Qd7 10. Bh3 Bxh3 11. Rxh3 g6 12. e4 dxe4 13. Nxe4 Bg7 14. c3
O-O-O 15. Nc5 Qd5 16. Rf3 Qxa2 17. Bxc7 Kxc7 18. Rxf7+ Kc8 19. Rxg7 Na5 20. Qh2
Qa1+ 21. Kc2 e5 22. Rxa1 Nc4 23. dxe5 Rd2+ 24. Kb3 Rxh2 25. Rxa7 Nb6 26. Raxb7
Na8 27. Ra7 Nb6 28. Rgc7+ Kd8 29. Ne6+ Ke8 30. Rcb7 Rxh4 31. Rb8+ Nc8 32. Rxc8#
1-0

[Event "Sparkassen-Open J"]
[Site "Heusenstamm, Martinsee"]
[Date "2022.11.19"]
[Round "4.22"]
[White "Carls, Bela"]
[Black "Liu, Jonas"]
[Result "1-0"]
[WhiteElo "1207"]
[BlackElo "834"]
[PlyCount "45"]
[EventDate "2022.??.??"]
[WhiteTeam "Frankfurter TV 1860"]
[BlackTeam "SV Oberursel"]

1. e4 c5 2. Nf3 d6 3. Bc4 Nf6 4. Nc3 g6 5. d4 cxd4 6. Nxd4 Bg7 7. O-O O-O 8. h3
Nc6 9. Nxc6 bxc6 10. Re1 Qc7 11. Bf4 Rd8 12. Qf3 Bb7 13. e5 dxe5 14. Bxe5 Qb6
15. a4 Rd2 16. Bd3 c5 17. Qe3 Rd8 18. Qxd2 c4 19. a5 Qc6 20. f3 Ba6 21. Qe3
cxd3 22. Rad1 Qd7 23. cxd3 1-0

[Event "Sparkassen-Open J"]
[Site "Heusenstamm, Martinsee"]
[Date "2022.11.19"]
[Round "4.23"]
[White "Pogge von Strandmann, Paul"]
[Black "Beier, Martin"]
[Result "0-1"]
[WhiteElo "939"]
[BlackElo "1178"]
[PlyCount "116"]
[EventDate "2022.??.??"]
[WhiteTeam "SK Marburg 1931/72"]
[BlackTeam "SK Bad Homburg 1927"]

1. e4 e6 2. d4 d5 3. e5 c5 4. c3 Nc6 5. Bb5 Qb6 6. Qd3 c4 7. Bxc6+ Qxc6 8. Qg3
Ne7 9. Bg5 Nf5 10. Qf3 Be7 11. Bxe7 Nxe7 12. Ne2 b5 13. b3 a5 14. O-O O-O 15.
Nd2 Bb7 16. bxc4 bxc4 17. Qh3 Ng6 18. Nf3 f6 19. exf6 Rxf6 20. Ng5 h6 21. Nf3
Raf8 22. Ne5 Nxe5 23. dxe5 Rf5 24. Nd4 Qe8 25. Nxf5 Rxf5 26. Rab1 Bc6 27. Rb6
Rxe5 28. Qg3 Rg5 29. Rb8 Rxg3 30. Rxe8+ Bxe8 31. fxg3 a4 32. Rb1 Kf7 33. Rf1+
Ke7 34. Rb1 Kf6 35. Rb4 h5 36. Rb8 Ke7 37. Rb7+ Kf6 38. Kf2 g6 39. Kf3 d4 40.
cxd4 Bc6+ 41. Ke3 Bxb7 42. a3 Bxg2 43. Kd2 e5 44. dxe5+ Kxe5 45. Kc3 Kf5 46.
Kxc4 Kg4 47. Kd3 Kh3 48. Ke2 Kxh2 49. Kf2 Bc6 50. Kf1 Kxg3 51. Kg1 Bb5 52. Kh1
h4 53. Kg1 h3 54. Kh1 Bc6+ 55. Kg1 h2+ 56. Kf1 h1=Q+ 57. Ke2 Qe4+ 58. Kf1 Bb5+
0-1

[Event "Sparkassen-Open J"]
[Site "Heusenstamm, Martinsee"]
[Date "2022.11.19"]
[Round "4.25"]
[White "Vasudevan, Ananya"]
[Black "Baumgart, Jost"]
[Result "1-0"]
[WhiteElo "874"]
[BlackElo "1067"]
[PlyCount "65"]
[EventDate "2022.??.??"]
[WhiteTeam "SK Langen"]
[BlackTeam "SK Marburg 1931/72"]

1. d4 d5 2. Nc3 Bf5 3. Bf4 Nf6 4. e3 e6 5. Nf3 c5 6. Nb5 Na6 7. c3 Be7 8. Qa4
O-O 9. Be2 Ne4 10. Qd1 Qb6 11. Ne5 Rfd8 12. a4 c4 13. b3 Nc7 14. Nxc7 Nxc3 15.
Qc1 Bb4 16. Nxa8 Rxa8 17. Kf1 cxb3 18. Nd7 Qd8 19. Nc5 Rc8 20. Qb2 Qb6 21. Qxb3
Nxe2 22. Kxe2 Bxc5 23. Qxb6 Bxb6 24. Rac1 Re8 25. Rc3 Ba5 26. Rc5 b6 27. Rc7
Ra8 28. Rhc1 h6 29. Rc8+ Rxc8 30. Rxc8+ Kh7 31. Rc7 f6 32. Rxa7 e5 33. dxe5 1-0

[Event "Sparkassen-Open J"]
[Site "Heusenstamm, Martinsee"]
[Date "2022.11.19"]
[Round "4.26"]
[White "Feick, Claas Marten"]
[Black "Wolf, Helena"]
[Result "1-0"]
[WhiteElo "1016"]
[BlackElo "741"]
[PlyCount "93"]
[EventDate "2022.??.??"]
[WhiteTeam "SF Neuberg"]
[BlackTeam "SK Bad Homburg 1927"]

1. d4 d5 2. e3 Nc6 3. Nf3 Bf5 4. c4 dxc4 5. Bxc4 e6 6. O-O Bb4 7. Bd2 Bxd2 8.
Qxd2 Nf6 9. Nc3 O-O 10. Rfe1 h6 11. Rad1 Re8 12. e4 Bg6 13. Qe2 Nb4 14. Nh4 Bh5
15. f3 Qe7 16. g4 Bg6 17. Nxg6 fxg6 18. e5 Nd7 19. a3 Nc6 20. d5 exd5 21. Nxd5
Qd8 22. Nxc7+ Kh8 23. Nxa8 Qc8 24. Bf7 Rxe5 25. Qc2 Rxe1+ 26. Rxe1 Qxa8 27.
Re8+ Qxe8 28. Bxe8 Nde5 29. Bxc6 bxc6 30. Qb3 g5 31. Qb8+ Kh7 32. Qxe5 a6 33.
Qe4+ Kh8 34. Qxc6 a5 35. Kf2 Kh7 36. Ke3 Kh8 37. Ke4 Kh7 38. Kf5 Kg8 39. Qe8+
Kh7 40. Qf7 a4 41. h3 h5 42. Qe8 hxg4 43. hxg4 g6+ 44. Kxg5 Kg7 45. Qe7+ Kh8
46. Kxg6 Kg8 47. Qg7# 1-0

[Event "Sparkassen-Open J"]
[Site "Heusenstamm, Martinsee"]
[Date "2022.11.19"]
[Round "4.27"]
[White "Lenhard, Robert"]
[Black "Schwab, Florentin"]
[Result "1-0"]
[WhiteElo "799"]
[BlackElo "1005"]
[PlyCount "117"]
[EventDate "2022.??.??"]
[WhiteTeam "SV 1920 Hofheim"]
[BlackTeam "SC Aschaffenburg"]

1. e4 c5 2. Nf3 d6 3. Nc3 Nf6 4. Bc4 g6 5. O-O Bg7 6. d3 Nc6 7. Bg5 Bg4 8. h3
h6 9. Bxf6 Bxf3 10. Qxf3 Bxf6 11. Rab1 Ne5 12. Qe2 Nxc4 13. dxc4 e6 14. Qd3 h5
15. Nb5 Be7 16. Rfd1 d5 17. exd5 exd5 18. cxd5 a6 19. Nc3 Qd7 20. Qe4 Qf5 21.
Qxf5 gxf5 22. d6 Bf6 23. Nd5 Bd8 24. Nc3 Kd7 25. Nd5 Rh6 26. Ne3 Rxd6 27. Rxd6+
Kxd6 28. Nxf5+ Kc6 29. Ng7 h4 30. Nf5 Bf6 31. b3 Rd8 32. Re1 Rd5 33. Ne7+ Bxe7
34. Rxe7 Rd1+ 35. Kh2 Rd7 36. Rxd7 Kxd7 37. g3 hxg3+ 38. fxg3 Ke6 39. Kg2 Kf5
40. Kf3 b6 41. g4+ Kg5 42. Kg3 f6 43. h4+ Kh6 44. Kf4 Kg6 45. h5+ Kg7 46. Kf5
b5 47. c3 c4 48. b4 Kf7 49. g5 fxg5 50. Kxg5 Kg7 51. h6+ Kh7 52. Kh5 Kh8 53.
Kg6 Kg8 54. h7+ Kh8 55. Kh6 a5 56. bxa5 b4 57. a6 bxc3 58. a7 c2 59. a8=Q# 1-0

[Event "Sparkassen-Open J"]
[Site "Heusenstamm, Martinsee"]
[Date "2022.11.19"]
[Round "4.28"]
[White "Filis, Leon"]
[Black "Biallas, Flynn"]
[Result "0-1"]
[WhiteElo "731"]
[BlackElo "998"]
[PlyCount "20"]
[EventDate "2022.??.??"]
[WhiteTeam "SV 1920 Hofheim"]
[BlackTeam "SK Marburg 1931/72"]

1. d4 d5 2. Nc3 Nf6 3. Bf4 Nc6 4. Nb5 e5 5. dxe5 Ne4 6. e6 Bd6 7. Bxd6 cxd6 8.
exf7+ Kxf7 9. e3 Qf6 10. Bd3 Qxf2# 0-1

[Event "Sparkassen-Open J"]
[Site "Heusenstamm, Martinsee"]
[Date "2022.11.19"]
[Round "4.32"]
[White "Buntin, Amelia Bernadette"]
[Black "Neininger, Pascal"]
[Result "0-1"]
[WhiteElo "761"]
[BlackElo "1157"]
[PlyCount "60"]
[EventDate "2022.??.??"]
[WhiteTeam "ZSG Grün-Weiß Waltershausen"]
[BlackTeam "SV Oberursel"]

1. e4 e5 2. Nf3 Nf6 3. Nxe5 d6 4. Nf3 Nxe4 5. Nc3 Nxc3 6. bxc3 g6 7. Bc4 Bg7 8.
O-O O-O 9. d3 Bxc3 10. Rb1 Bg4 11. Bh6 Re8 12. Rxb7 Nc6 13. Rb3 Bb4 14. h3 Bxf3
15. Qxf3 Qe7 16. Bd5 Nd4 17. Qf4 Nxb3 18. Qxb4 Rab8 19. Qf4 c5 20. axb3 a5 21.
Qc4 Rb4 22. Qc3 Qe5 23. Qd2 Qxd5 24. Re1 Rxe1+ 25. Qxe1 Qe5 26. Qd2 a4 27. bxa4
Rxa4 28. c3 Ra1+ 29. Qc1 Rxc1+ 30. Bxc1 Qe1+ 0-1

[Event "Sparkassen-Open J"]
[Site "Heusenstamm, Martinsee"]
[Date "2022.11.20"]
[Round "6.1"]
[White "Glavev, Danail"]
[Black "Sydykov, Bayastan"]
[Result "0-1"]
[WhiteElo "1289"]
[BlackElo "1681"]
[PlyCount "128"]
[EventDate "2022.??.??"]
[WhiteTeam "SK Bad Homburg 1927"]
[BlackTeam "SK 1858 Gießen"]

1. e4 e6 2. d4 d5 3. exd5 exd5 4. c4 Nf6 5. Nf3 Be7 6. Be2 O-O 7. O-O Re8 8.
Nc3 c6 9. Bf4 Be6 10. Qb3 Qc8 11. cxd5 Nxd5 12. Nxd5 Bxd5 13. Bc4 Bxc4 14. Qxc4
Qf5 15. Bg3 Nd7 16. Rfe1 Bf6 17. Rad1 Nb6 18. Qb3 Qd5 19. Qxd5 Nxd5 20. Be5 Be7
21. a3 f6 22. Bg3 Kf7 23. Kf1 Rad8 24. Nh4 g6 25. Nf3 Rd7 26. Rd3 Red8 27. Red1
Nb6 28. b3 c5 29. a4 cxd4 30. Rxd4 Nd5 31. Kg1 g5 32. h3 h5 33. R4d3 Bc5 34.
R1d2 Kg6 35. Rd1 g4 36. Nh4+ Kg5 37. hxg4 hxg4 38. Kh2 f5 39. f4+ Kf6 40. R1d2
Be3 41. Rd1 a5 42. Re1 Bxf4 43. Bxf4 Nxf4 44. Rxd7 Rxd7 45. Rf1 Kg5 46. g3 Rd2+
47. Kh1 Rd4 48. Kh2 Re4 49. Kh1 Re3 50. Kh2 Re4 51. Kh1 Rd4 52. Kh2 Rb4 53.
gxf4+ Kxh4 54. Kg2 Rxb3 55. Rc1 Rb2+ 56. Kg1 Kh3 57. Rc3+ g3 58. Rc1 Rb4 59.
Ra1 Re4 60. Rf1 Rxa4 61. Rb1 Rb4 62. Ra1 a4 63. Kf1 Rb2 64. Rc1 Kh2 0-1